[Event "CZE-ch U12"]
[Site "Harrachov"]
[Date "2024.11.01"]
[Round "8"]
[White "Melicharova, Veronika"]
[Black "Vratny, Vojtech"]
[Result "1-0"]
[WhiteElo "1658"]
[BlackElo "1591"]
[PlyCount "57"]
[EventDate "2024.10.26"]
[EventType "swiss"]
[EventRounds "9"]
[EventCountry "CZE"]
[SourceTitle "CB45_2024"]
[Source "ChessBase"]
[SourceDate "2024.11.06"]
[SourceVersion "1"]
[SourceVersionDate "2024.11.06"]
[SourceQuality "1"]

1. e4 e5 2. Nf3 Nc6 3. d4 exd4 4. Nxd4 Qh4 5. Nc3 Bb4 6. Qd3 Nf6 7. Nxc6 dxc6 8. e5 Qe4+ 9. Qxe4 Nxe4 10. Bd2 Nxd2 11. Kxd2 Be6 12. Bd3 0-0-0 13. a3 Bc5 14. f4 h5 15. g3 Rd7 16. Kc1 g6 17. b3 Bd4 18. Kb2 Bd5 19. Rhe1 Re8 20. Be4 Bxc3+ 21. Kxc3 Bxe4 22. Rxe4 Rde7 23. Rd4 Rd7 24. Rad1 Red8 25. Rxd7 Rxd7 26. Rxd7 Kxd7 27. Kd4 Ke6 28. Ke4 c5 29. c4 1-0

[Event "CZE-ch U12"]
[Site "Harrachov"]
[Date "2024.10.31"]
[Round "7"]
[White "Vratny, Vojtech"]
[Black "Svoboda, Petr3"]
[Result "0-1"]
[WhiteElo "1591"]
[BlackElo "1504"]
[PlyCount "58"]
[EventDate "2024.10.26"]
[EventType "swiss"]
[EventRounds "9"]
[EventCountry "CZE"]
[SourceTitle "CB45_2024"]
[Source "ChessBase"]
[SourceDate "2024.11.06"]
[SourceVersion "1"]
[SourceVersionDate "2024.11.06"]
[SourceQuality "1"]

1. e4 e6 2. d4 d5 3. Nc3 Bb4 4. e5 c5 5. Bd2 Bxc3 6. bxc3 Ne7 7. Nf3 Qc7 8. Be2 0-0 9. 0-0 Nbc6 10. Rb1 b6 11. Bd3 h6 12. Qc1 Ng6 13. Bxg6 fxg6 14. Re1 Ba6 15. Qa3 Bc4 16. dxc5 b5 17. Nd4 Rae8 18. Nxb5 Bxb5 19. Rxb5 Nxe5 20. Qa6 Ng4 21. g3 Rxf2 22. Be3 Rf3 23. Rb7 Qe5 24. Bf2 Qh5 25. h4 Nxf2 26. Rf1 Qf5 27. Kg2 Qg4 28. Rxf2 Qxg3+ 29. Kh1 Rxf2 0-1

[Event "CZE-ch U12"]
[Site "Harrachov"]
[Date "2024.10.28"]
[Round "4"]
[White "Cvrckova, Lucie Anna"]
[Black "Vratny, Vojtech"]
[Result "0-1"]
[WhiteElo "1410"]
[BlackElo "1591"]
[PlyCount "64"]
[EventDate "2024.10.26"]
[EventType "swiss"]
[EventRounds "9"]
[EventCountry "CZE"]
[SourceTitle "CB45_2024"]
[Source "ChessBase"]
[SourceDate "2024.11.06"]
[SourceVersion "1"]
[SourceVersionDate "2024.11.06"]
[SourceQuality "1"]

1. e4 c6 2. Nf3 d5 3. exd5 cxd5 4. d4 Bg4 5. Nc3 Nf6 6. Bf4 e6 7. Bd3 Be7 8. 0-0 0-0 9. Re1 Nc6 10. h3 Bxf3 11. Qxf3 Nxd4 12. Qg3 Nh5 13. Qg4 Nxf4 14. Qxf4 Nc6 15. Re3 Bg5 16. Qf3 Bxe3 17. Qxe3 d4 18. Qe4 g6 19. Ne2 Qf6 20. Nf4 Qe5 21. Qf3 Nb4 22. Be4 Rfd8 23. a3 Nd5 24. Nd3 Qd6 25. Rd1 Rac8 26. Rd2 e5 27. c4 dxc3 28. Rd1 c2 29. Nc1 cxd1Q+ 30. Qxd1 Nf6 31. Qxd6 Rxc1+ 32. Kh2 Rxd6 0-1

[Event "CZE-ch U10"]
[Site "Kouty nad Desnou"]
[Date "2024.03.13"]
[Round "6"]
[White "Vratny, Vojtech"]
[Black "Lutskiy, Mikhail"]
[Result "0-1"]
[WhiteElo "1566"]
[BlackElo "1676"]
[PlyCount "76"]
[EventDate "2024.03.09"]
[EventType "swiss"]
[EventRounds "9"]
[EventCountry "CZE"]
[SourceTitle "CBM 219 Extra"]
[Source "ChessBase"]
[SourceDate "2024.05.31"]
[SourceVersion "1"]
[SourceVersionDate "2024.05.31"]
[SourceQuality "1"]

1. d4 d5 2. c4 c6 3. cxd5 cxd5 4. Bf4 Nc6 5. Nc3 Nf6 6. e3 a6 7. Bd3 e6 8. Nf3 Be7 9. 0-0 0-0 10. Rc1 Bd7 11. a3 Rc8 12. b4 b5 13. h3 h6 14. Qb3 Nh5 15. Bh2 f5 16. Ne5 Nxe5 17. dxe5 g5 18. Be2 Ng7 19. Rfd1 Qe8 20. Bf3 Qg6 21. Rd4 Rc4 22. Rcd1 Bc6 23. Qc2 Rc8 24. Rxc4 dxc4 25. Bxc6 Rxc6 26. Rd4 Rc8 27. Bg3 Rd8 28. Rxd8+ Bxd8 29. Qd2 Qe8 30. Qd4 Qe7 31. Bh2 Bc7 32. Kh1 Qd8 33. Qxd8+ Bxd8 34. e4 f4 35. g3 Nh5 36. gxf4 Nxf4 37. h4 Bc7 38. hxg5 hxg5 0-1

[Event "CZE-ch U10"]
[Site "Kouty nad Desnou"]
[Date "2024.03.12"]
[Round "5"]
[White "Rybar, Vojta"]
[Black "Vratny, Vojtech"]
[Result "0-1"]
[WhiteElo "1435"]
[BlackElo "1566"]
[PlyCount "114"]
[EventDate "2024.03.09"]
[EventType "swiss"]
[EventRounds "9"]
[EventCountry "CZE"]
[SourceTitle "CBM 219 Extra"]
[Source "ChessBase"]
[SourceDate "2024.05.31"]
[SourceVersion "1"]
[SourceVersionDate "2024.05.31"]
[SourceQuality "1"]

1. e4 c6 2. d4 d5 3. Nc3 dxe4 4. Nxe4 Nf6 5. Nxf6+ exf6 6. Nf3 Bd6 7. Bd3 0-0 8. 0-0 Bg4 9. Be2 Qc7 10. h3 Bh5 11. Re1 Nd7 12. c3 Bg6 13. Bd3 Bxd3 14. Qxd3 Rfe8 15. Bd2 Nb6 16. c4 Bf4 17. Bxf4 Qxf4 18. Qb3 Qc7 19. a4 Nd7 20. Re3 Rxe3 21. Qxe3 Nb6 22. Re1 h6 23. b3 a5 24. Qe7 Qxe7 25. Rxe7 Rb8 26. Nd2 Kf8 27. Rc7 Na8 28. Rd7 Ke8 29. Rd6 Rd8 30. Rxd8+ Kxd8 31. Ne4 Ke7 32. Kf1 f5 33. Ng3 g6 34. Ke2 Ke6 35. Kf3 Nc7 36. Ne2 b5 37. Nc3 b4 38. Ne2 g5 39. Kg3 Ne8 40. f4 f6 41. Nc1 Nd6 42. Nd3 Ne4+ 43. Kh2 Nd2 44. Nc5+ Ke7 45. g3 Nf3+ 46. Kg2 Nxd4 47. Kf2 gxf4 48. gxf4 Nc2 49. Nb7 Kd7 50. Nxa5 Kc7 51. c5 Na3 52. Nc4 Nxc4 53. bxc4 Kb7 54. Ke2 Ka6 55. Kd2 Ka5 56. Kc2 Kxa4 57. Kb2 b3 0-1

[Event "CZE-ch U10"]
[Site "Kouty nad Desnou"]
[Date "2024.03.11"]
[Round "4"]
[White "Cerny, Ren"]
[Black "Vratny, Vojtech"]
[Result "1/2-1/2"]
[WhiteElo "1623"]
[BlackElo "1566"]
[PlyCount "67"]
[EventDate "2024.03.09"]
[EventType "swiss"]
[EventRounds "9"]
[EventCountry "CZE"]
[SourceTitle "CBM 219 Extra"]
[Source "ChessBase"]
[SourceDate "2024.05.31"]
[SourceVersion "1"]
[SourceVersionDate "2024.05.31"]
[SourceQuality "1"]

1. e4 c5 2. d4 cxd4 3. c3 Nf6 4. e5 Nd5 5. cxd4 e6 6. Nf3 d6 7. Bc4 Nb6 8. Bb3 dxe5 9. dxe5 Qxd1+ 10. Kxd1 Be7 11. Re1 0-0 12. Nc3 Rd8+ 13. Ke2 Nc6 14. Be3 Nd7 15. Bf4 Nc5 16. Rad1 Bd7 17. Be3 Nxb3 18. axb3 b6 19. Ne4 Na5 20. Nd4 Nc6 21. f4 Nxd4+ 22. Rxd4 Bb5+ 23. Kf2 Rxd4 24. Bxd4 Rd8 25. Ke3 Rc8 26. Bc3 Bc6 27. Ra1 Rc7 28. Rd1 Rd7 29. Rxd7 Bxd7 30. Kd4 Kf8 31. g3 h6 32. Kc4 Bc6 33. Nd2 Ke8 34. b4 1/2-1/2

[Event "CZE-ch U10"]
[Site "Kouty nad Desnou"]
[Date "2024.03.10"]
[Round "2"]
[White "Vratny, Vojtech"]
[Black "Menkov, Ivan"]
[Result "1-0"]
[WhiteElo "1566"]
[BlackElo "1524"]
[PlyCount "147"]
[EventDate "2024.03.09"]
[EventType "swiss"]
[EventRounds "9"]
[EventCountry "CZE"]
[SourceTitle "CBM 219 Extra"]
[Source "ChessBase"]
[SourceDate "2024.05.31"]
[SourceVersion "1"]
[SourceVersionDate "2024.05.31"]
[SourceQuality "1"]

1. Nf3 d5 2. g3 Nc6 3. d4 Bg4 4. Bg2 Nf6 5. 0-0 Bxf3 6. Bxf3 e5 7. dxe5 Nxe5 8. Bg2 c6 9. b3 Bd6 10. Bb2 0-0 11. Nd2 Re8 12. Re1 Qe7 13. Nf1 Rad8 14. a4 a5 15. Qc1 Bc7 16. Ba3 Qd7 17. Bc5 b6 18. Ba3 Qf5 19. Ne3 Qh5 20. Bb2 Nfg4 21. Nxg4 Nxg4 22. h3 Nxf2 23. Kxf2 Qf5+ 24. Kg1 Bxg3 25. Rf1 Qg6 26. Qd2 Re6 27. Bd4 Rde8 28. Qd3 Rxe2 29. Qxg6 hxg6 30. Bxb6 Rxc2 31. Bxa5 Re3 32. Rac1 Ra2 33. Rf3 Rxf3 34. Bxf3 Rf2 35. Bg2 Rf6 36. Rf1 Re6 37. Bb6 f6 38. a5 Re8 39. b4 Bd6 40. Bc5 Bxc5+ 41. bxc5 Ra8 42. Ra1 Kf7 43. Kf2 Ke6 44. Ke3 Ke5 45. Kd3 Kf4 46. Bf1 Kf5 47. Ra4 Ke6 48. Ke3 Ke5 49. Bg2 f5 50. a6 Ra7 51. Bf3 f4+ 52. Kd3 g5 53. Bg4 g6 54. Bf3 Kf5 55. Kd4 Kf6 56. Ra5 Kf5 57. Bg4+ Kf6 58. Ra3 Kf7 59. Ke5 Ke7 60. Ra4 Ra8 61. a7 Kd8 62. Kd6 f3 63. Bxf3 Kc8 64. Kxc6 d4 65. Bg4+ Kd8 66. Kb7 Rxa7+ 67. Rxa7 d3 68. Kc6 d2 69. Bd1 g4 70. hxg4 g5 71. Rh7 Ke8 72. Kd6 Kf8 73. Ke6 Kg8 74. Ra7 1-0

[Event "CZE-ch U10"]
[Site "Teplice"]
[Date "2023.11.18"]
[Round "7"]
[White "Vratny, Vojtech"]
[Black "Bukovskij, Dmitri"]
[Result "0-1"]
[WhiteElo "1178"]
[BlackElo "1355"]
[PlyCount "46"]
[EventDate "2023.11.15"]
[EventType "swiss"]
[EventRounds "9"]
[EventCountry "CZE"]
[SourceTitle "CBM 217 Extra"]
[Source "ChessBase"]
[SourceDate "2024.01.31"]
[SourceVersion "1"]
[SourceVersionDate "2024.01.31"]
[SourceQuality "1"]

1. e4 c5 2. Nf3 e6 3. d4 cxd4 4. Nxd4 Nf6 5. Nc3 Nc6 6. Be2 Bb4 7. Nxc6 bxc6 8. f3 Bxc3+ 9. bxc3 d5 10. exd5 cxd5 11. Ba3 a5 12. 0-0 Qc7 13. Qd3 Ba6 14. Qe3 Bxe2 15. Qxe2 Rc8 16. Bb2 Qb6+ 17. Kh1 Qxb2 18. f4 0-0 19. f5 exf5 20. Rab1 Qxc3 21. Rb3 Qxc2 22. Qf3 Ne4 23. Qxf5 Nd2 0-1

[Event "CZE-ch U10"]
[Site "Teplice"]
[Date "2023.11.17"]
[Round "6"]
[White "Topencikova, Ellen"]
[Black "Vratny, Vojtech"]
[Result "0-1"]
[WhiteElo "1029"]
[BlackElo "1178"]
[PlyCount "64"]
[EventDate "2023.11.15"]
[EventType "swiss"]
[EventRounds "9"]
[EventCountry "CZE"]
[SourceTitle "CBM 217 Extra"]
[Source "ChessBase"]
[SourceDate "2024.01.31"]
[SourceVersion "1"]
[SourceVersionDate "2024.01.31"]
[SourceQuality "1"]

1. e4 c6 2. d4 d5 3. exd5 cxd5 4. Nf3 Nf6 5. Bd3 Bg4 6. 0-0 e6 7. Nc3 Be7 8. Bf4 0-0 9. Be2 Nc6 10. Ne5 Nxe5 11. Bxe5 Bxe2 12. Qxe2 Nd7 13. Qg4 Nxe5 14. dxe5 Qc7 15. Rfe1 Rac8 16. Rac1 a5 17. Ne2 Qxe5 18. c3 Qg5 19. Qa4 Bd8 20. Qb3 Bc7 21. Ng3 Bxg3 22. fxg3 Rc4 23. Qxb7 Re4 24. Rcd1 Rxe1+ 25. Rxe1 Qd2 26. Rf1 e5 27. a3 e4 28. Rf5 e3 29. Qxd5 Qxb2 30. c4 e2 31. Re5 Qc1+ 32. Kf2 Qf1+ 0-1

[Event "CZE-ch U10"]
[Site "Teplice"]
[Date "2023.11.17"]
[Round "5"]
[White "Vratny, Vojtech"]
[Black "Poznicek, Antonin"]
[Result "1-0"]
[WhiteElo "1178"]
[BlackElo "1000"]
[PlyCount "79"]
[EventDate "2023.11.15"]
[EventType "swiss"]
[EventRounds "9"]
[EventCountry "CZE"]
[SourceTitle "CBM 217 Extra"]
[Source "ChessBase"]
[SourceDate "2024.01.31"]
[SourceVersion "1"]
[SourceVersionDate "2024.01.31"]
[SourceQuality "1"]

1. d4 d5 2. c4 e6 3. Nf3 Nc6 4. g3 Nf6 5. Bg2 Be7 6. 0-0 0-0 7. b3 h6 8. Bb2 Na5 9. Nbd2 dxc4 10. bxc4 c5 11. Nb3 Nxc4 12. Qc2 Nxb2 13. Qxb2 cxd4 14. Nfxd4 Qb6 15. Rab1 Rd8 16. Qc1 Rxd4 17. Nxd4 Qxd4 18. Rd1 Qe5 19. Rb3 Qxe2 20. Rd2 Qa6 21. Rbd3 Qb6 22. Rc3 Bd7 23. Rc7 Rd8 24. Rxb7 Qa6 25. Qb1 Bc6 26. Rxd8+ Bxd8 27. Rb8 Qa5 28. Bxc6 Qc7 29. Bg2 Kf8 30. Qb4+ Ke8 31. Bb7 a5 32. Qb5+ Kf8 33. Rc8 Qd6 34. Qxa5 Ke7 35. Qa7 Bb6 36. Qa4 Qd2 37. Qf4 Qxa2 38. Qb4+ Kd7 39. Qxb6 Qb1+ 40. Qxb1 1-0

[Event "CZE-ch U10"]
[Site "Teplice"]
[Date "2023.11.16"]
[Round "3"]
[White "Vratny, Vojtech"]
[Black "Zelenka, Tomas"]
[Result "0-1"]
[WhiteElo "1178"]
[BlackElo "1277"]
[PlyCount "58"]
[EventDate "2023.11.15"]
[EventType "swiss"]
[EventRounds "9"]
[EventCountry "CZE"]
[SourceTitle "CBM 217 Extra"]
[Source "ChessBase"]
[SourceDate "2024.01.31"]
[SourceVersion "1"]
[SourceVersionDate "2024.01.31"]
[SourceQuality "1"]

1. Nf3 d6 2. g3 Nf6 3. Bg2 g6 4. 0-0 Bg7 5. d3 Be6 6. Nbd2 c6 7. c3 Nbd7 8. Nd4 0-0 9. N2f3 Nb6 10. Nxe6 fxe6 11. Nd4 Qd7 12. Bh3 Qc7 13. Nxe6 Qc8 14. Ng5 Qc7 15. Be6+ Kh8 16. Nf7+ Rxf7 17. Bxf7 Qd7 18. Bg5 e6 19. Bxf6 Bxf6 20. e4 Qxf7 21. Qf3 Rf8 22. Rae1 Qg7 23. Qg2 d5 24. d4 Nc4 25. Re2 Qh6 26. exd5 exd5 27. b3 Nd2 28. Rd1 Ne4 29. Re3 Nxf2 0-1